Completamente inmaculada / (Record no. 356)

MARC details
000 -LEADER
campo de control de longitud fija 00785cam a2200265Ia 4500
001 - NÚMERO DE CONTROL
campo de control 4212339
005 - FECHA Y HORA DE LA ÚLTIMA TRANSACCIÓN
campo de control 20220326193305.0
008 - DATOS DE LONGITUD FIJA--INFORMACIÓN GENERAL
campo de control de longitud fija 030505s2002 cr 000 0 spa
010 ## - NÚMERO DE CONTROL DE LA BIBLIOTECA DEL CONGRESO
Número de control de LC 2003460956
020 ## - NÚMERO INTERNACIONAL ESTÁNDAR DEL LIBRO
Número Internacional Estándar del Libro 9968834408
035 ## - NÚMERO DE CONTROL DEL SISTEMA
Número de control de sistema (OCoLC)ocm52970368
035 ## - NÚMERO DE CONTROL DEL SISTEMA
Número de control de sistema (NNC)4212339
040 ## - FUENTE DE CATALOGACIÓN
Centro catalogador/agencia de origen DLC
Centro/agencia transcriptor DLC
Centro/agencia modificador NOC
082 ## - NÚMERO DE LA CLASIFICACIÓN DECIMAL DEWEY
Número de clasificación 863.44
Número de ítem M538co
090 ## - LOCALMENTE ASIGNADO TIPO-LC NÚMERO DE CLASIFICACIÓN (OCLC); NÚMERO DE CLASIFICACIÓN LOCAL (RLIN)
Número de clasificación (OCLC) (R) ; Numero de clasificación, CALL (RLIN) (NR) PQ7499.2.M433
Número cutter local (OCLC) ; Número de libro/Signatura topográfica íntegra, CALL (RLIN) C45 2002
100 1# - ENTRADA PRINCIPAL--NOMBRE DE PERSONA
Nombre de persona Méndez, Francisco Alejandro,
Fechas asociadas al nombre 1964-
9 (RLIN) 1692
245 10 - MENCIÓN DEL TÍTULO
Título Completamente inmaculada /
Mención de responsabilidad, etc. Francisco Alejandro Méndez.
250 ## - MENCION DE EDICION
Mención de edición 1. ed.
260 ## - PUBLICACIÓN, DISTRIBUCIÓN, ETC.
Lugar de publicación, distribución, etc. San José, Costa Rica :
Nombre del editor, distribuidor, etc. Ediciones Perro Azul,
Fecha de publicación, distribución, etc. c2002.
300 ## - DESCRIPCIÓN FÍSICA
Extensión 210 p. ;
Dimensiones 21 cm.
500 ## - NOTA GENERAL
Nota general A novel.
650 ## - PUNTO DE ACCESO ADICIONAL DE MATERIA--TÉRMINO DE MATERIA
Término de materia o nombre geográfico como elemento de entrada Literatura
Subdivisión general Novela
Subdivisión geográfica Guatemala
9 (RLIN) 1693
700 ## - ENTRADA AGREGADA--NOMBRE PERSONAL
Nombre de persona Méndez, Francisco Alejandro,
9 (RLIN) 1694
Holdings
Estatus retirado Estado de pérdida Fuente del sistema de clasificación o colocación Estado de daño No para préstamo Biblioteca de origen Biblioteca actual Ubicación en estantería Fecha de adquisición Total de préstamos Signatura topográfica completa Código de barras Visto por última vez Precio de reemplazo Tipo de ítem Koha
    Clasificación Decimal Dewey     Biblioteca LadoV Biblioteca LadoV   20/11/2014   863.44 M538co 000338 20/11/2014 20/11/2014 Material 01